000 00792nam a2200241Ia 4500
001 dia_4051
003 CHAP
005 20251014144730.0
008 220601s9999 xx 000 0 und d
040 _amxchpua
_erda
090 _aFOLLETO 2375
100 _aCruz Hernández, J. Pablo
_9157920
245 _aGuía técnica para el cultivo de la vid en el Valle de Valsequillo, Puebla / J. Pablo Cruz Hernández
260 _aMéxico : INIA, Campo Agrícola Experimental Tecamachalco
300 _a46 p.
500 _aS/c (Circular CIAMEC, 117)
650 _a1. Viticultura-Cultivo2. Viticultura-Puebla
_9175708
700 _aINIAÌ
_9175709
901 _aFOLLETO 2375
902 _aM
905 _a0000001980 mx 0000000000spa00
942 _cFOLL
_2local
999 _c209266
_d209266